Fifa 21 Top 50 ST/CF - Statistics

General Stats
  • This quiz has been taken 108 times
  • The average score is 32 of 50
Answer Stats
Rating Club Player % Correct
92 Piemonte Calcio Cristiano Ronaldo
100%
91 Bayern Munich Robert Lewandowski
100%
88 Tottenham Hotspur Harry Kane
99%
89 Real Madrid Karim Benzema
99%
89 Manchester City Sergio Aguero
99%
90 PSG Kylian Mbappe
96%
87 Lazio Ciro Immobile
95%
88 Piemonte Calcio Paulo Dybala
95%
86 Leicester City Jamie Vardy
94%
87 Liverpool Roberto Firmino
94%
87 FC Barcelona Antoine Griezmann
91%
87 Atletico Madrid Luis Suarez
90%
87 Arsenal Pierre-Emerick Aubameyang
88%
84 Borussia Dortmund Erling Haland
84%
85 Inter Milan Romelu Lukaku
84%
83 Manchester City Gabriel Jesus
82%
84 Inter Milan Lautaro Martinez
78%
83 Arsenal Alexandre Lacazette
75%
84 Manchester United Anthony Martial
75%
83 AC Milan Zlatan Ibrahimovic
75%
85 Napoli Dries Mertens
74%
85 PSG Mauro Icardi
74%
81 Atlanta United Josef Martinez
73%
83 Atalanta Duvan Zapata
71%
84 Wolves Raul Jimenez
71%
85 Chelsea Timo Werner
71%
84 RC Celta Iago Aspas
69%
84 AS Monaco Wissam Ben Yedder
69%
83 Inter Miami Gonzalo Higuain
68%
85 Olympique Lyon Memphis Depay
66%
82 Piemonte Calcio Alvaro Morata
58%
83 Ajax Dusan Tadic
56%
83 Roma FC Edin Dzeko
56%
83 Villarreal CF Gerard Moreno
55%
82 Leeds United Rodrigo
53%
84 Atalanta Josip Ilicic
52%
81 Everton Richarlison
47%
82 TSG Hoffenheim Andrej Kramaric
43%
81 Atletico Madrid Joao Felix
40%
81 Lazio Joaquin Correa
35%
81 Ajax Sebastien Haller
34%
81 Athletic Bilbao Inaki Williams
32%
81 Tigres UANL Andre-Pierre Gignac
30%
81 Napoli Arkadiusz Milik
30%
81 VFL Wolfsburg Wout Weghorst
23%
81 Atletico Madrid Moussa Dembele
22%
81 Fiorentina Franck Ribery
19%
82 Shanghai SIPG Marko Arnautovic
18%
81 PSV Eindhoven Eran Zahavi
16%
81 Villarreal CF Paco Alcacer
13%
No matching quizzes found
Score Distribution
Percent of People with Each Score
Percentile by Number Answered
Your Score History
You have not taken this quiz